| 000 | 00626nam a2200193 4500 | ||
|---|---|---|---|
| 001 | 118982 | ||
| 003 | ES-MaACL | ||
| 005 | 20260217063013.0 | ||
| 007 | t| | ||
| 008 | 070214s1967 sp r ||||1| spa d | ||
| 100 | 0 |
_aPeyriguere, Albert _991602 |
|
| 245 | 1 | 0 |
_aDejad que Cristo os conduzca _b: escritos espirituales / _cAlbert Peyriguere ; versión de Francisco José Alcántara. |
| 250 | _a2ª. ed. | ||
| 260 |
_aBarcelona : _bNova Terra, _c1967. |
||
| 300 |
_a180 p. ; _c20 cm. |
||
| 700 | 1 |
_aAlcántara, Francisco José, _d1922-1999 _919493 |
|
| 852 |
_aES-MaACL _jC-33082 _bR.63874 |
||
| 999 |
_c118982 _d118982 |
||